00365nam a2200133 a 4500001000400000003000500004005001700009008004100026040002000067100003400087245008200121260002000203600000800223940CDMR20140526173549.0130130s1973||||||||||||||||||||||||||||d aCDMRbcatcCDMR1 aRodríguez Zorrilla, Ramón13aEl estilo periodístico de Álvaro Ruibal "Ero"cRamón Rodriguez Zorrilla aBarcelonac19731 aERO